000 00506nam a2200181Ia 4500
005 20250326143613.0
008 250326s9999 xx 000 0 und d
037 _aTextbook
040 _aFMSL
_beng
_cFMSL
041 _aeng
_2eng
084 _aX:8 N9
_qFMSL
100 _aLambert J
_9343123
245 0 _a50 Activities for diversity training
_cLambert J; Myers S
260 _aMassachusetts
_bMassachusetts, Ane
_c1999
300 _a319p
942 _cTB
_hX:8 N9
999 _c1300233
_d1300233